| 000 | 00771nam a2200229 i 4500 | ||
|---|---|---|---|
| 001 | 184113 | ||
| 003 | ES-MaACL | ||
| 005 | 20230906222046.0 | ||
| 008 | 150318s1944 sp |||| |bspa d | ||
| 080 | _a929 Carlota(72) | ||
| 100 | 1 |
_aMoreno, Carmen. _9156591 |
|
| 245 | 1 | 0 |
_aCarlota de Méjico / _cCarmen Moreno,. |
| 260 |
_aMadrid : _bAtlas, _c1944. |
||
| 300 |
_a159 p. ; _c20 cm. |
||
| 490 | 1 |
_aVidas ; _v14 |
|
| 597 | _aCon sello de: Biblioteca D.P. Educación Nacional, Madrid. | ||
| 598 | _aColección de biografías... bajo la dir. de Joaquín Arrarás. | ||
| 600 | 0 | 7 |
_aCarlota _cEmperatriz consorte de Maximiliano, Emperador de México. _9145388 |
| 830 | 0 |
_aVidas ; _v14 _9192031 |
|
| 852 |
_aES-MaACL _jE-15500 _z. - enc. hol. |
||
| 999 |
_c184113 _d184113 |
||